<?xml version="1.0" encoding="UTF-8"?>
<record
    xmlns:xsi="http://www.w3.org/2001/XMLSchema-instance"
    xsi:schemaLocation="http://www.loc.gov/MARC21/slim http://www.loc.gov/standards/marcxml/schema/MARC21slim.xsd"
    xmlns="http://www.loc.gov/MARC21/slim">

  <leader>01360nam0a2200337   4500</leader>
  <controlfield tag="001">RU\NLR\bibl\1862091</controlfield>
  <controlfield tag="005">20260406014424.0</controlfield>
  <datafield tag="010" ind1=" " ind2=" ">
    <subfield code="a">978-5-271-38717-3</subfield>
    <subfield code="b">&#x410;&#x441;&#x442;&#x440;&#x435;&#x43B;&#x44C;</subfield>
  </datafield>
  <datafield tag="010" ind1=" " ind2=" ">
    <subfield code="a">978-5-4238-0136-6</subfield>
    <subfield code="b">&#x410;&#x43A;&#x432;&#x430;&#x440;&#x438;&#x443;&#x43C; &#x41F;&#x440;&#x438;&#x43D;&#x442;</subfield>
    <subfield code="9">2000</subfield>
  </datafield>
  <datafield tag="021" ind1=" " ind2=" ">
    <subfield code="a">RU</subfield>
    <subfield code="b">2011-104646</subfield>
    <subfield code="9">7493</subfield>
  </datafield>
  <datafield tag="035" ind1=" " ind2=" ">
    <subfield code="a">(NLR Aleph) 001851989</subfield>
  </datafield>
  <datafield tag="090" ind1=" " ind2=" ">
    <subfield code="a">2414626</subfield>
    <subfield code="c">2414626</subfield>
  </datafield>
  <datafield tag="100" ind1=" " ind2=" ">
    <subfield code="a">20120130d2011    |||y0rusy50      ca</subfield>
  </datafield>
  <datafield tag="101" ind1="0" ind2=" ">
    <subfield code="a">rus</subfield>
  </datafield>
  <datafield tag="102" ind1=" " ind2=" ">
    <subfield code="a">RU</subfield>
  </datafield>
  <datafield tag="105" ind1=" " ind2=" ">
    <subfield code="a">a   |||||||||</subfield>
  </datafield>
  <datafield tag="200" ind1="1" ind2=" ">
    <subfield code="a">&#x412;&#x441;&#x435; &#x43E; &#x448;&#x43E;&#x442;&#x43B;&#x430;&#x43D;&#x434;&#x441;&#x43A;&#x43E;&#x439; &#x43A;&#x43E;&#x448;&#x43A;&#x435;</subfield>
    <subfield code="e">&#x441;&#x43A;&#x43E;&#x442;&#x442;&#x438;&#x448; &#x444;&#x43E;&#x43B;&#x434;&#x44B;, &#x441;&#x442;&#x440;&#x430;&#x439;&#x442;&#x44B;, &#x445;&#x430;&#x439;&#x43B;&#x435;&#x43D;&#x434; &#x444;&#x43E;&#x43B;&#x434;&#x44B;</subfield>
    <subfield code="f">&#x415;.&#x410;. &#x428;&#x435;&#x432;&#x447;&#x435;&#x43D;&#x43A;&#x43E;</subfield>
  </datafield>
  <datafield tag="205" ind1=" " ind2=" ">
    <subfield code="a">[2-&#x435; &#x438;&#x437;&#x434;.]</subfield>
  </datafield>
  <datafield tag="210" ind1=" " ind2=" ">
    <subfield code="a">&#x41C;&#x43E;&#x441;&#x43A;&#x432;&#x430;</subfield>
    <subfield code="c">&#x410;&#x441;&#x442;&#x440;&#x435;&#x43B;&#x44C;</subfield>
    <subfield code="c">&#x410;&#x43A;&#x432;&#x430;&#x440;&#x438;&#x443;&#x43C; &#x41F;&#x440;&#x438;&#x43D;&#x442;</subfield>
    <subfield code="d">2011 [&#x43C;&#x430;&#x43A;&#x435;&#x442; 2012]</subfield>
  </datafield>
  <datafield tag="215" ind1=" " ind2=" ">
    <subfield code="a">210, [10] &#x441;., [2] &#x43B;. &#x446;&#x432;. &#x438;&#x43B;.</subfield>
    <subfield code="c">&#x438;&#x43B;.</subfield>
    <subfield code="d">21</subfield>
  </datafield>
  <datafield tag="225" ind1="1" ind2=" ">
    <subfield code="a">&#x412;&#x441;&#x435; &#x43E; &#x448;&#x43E;&#x442;&#x43B;&#x430;&#x43D;&#x434;&#x441;&#x43A;&#x43E;&#x439; &#x43A;&#x43E;&#x448;&#x43A;&#x435;</subfield>
  </datafield>
  <datafield tag="320" ind1=" " ind2=" ">
    <subfield code="a">&#x411;&#x438;&#x431;&#x43B;&#x438;&#x43E;&#x433;&#x440;.: &#x441;. 209-210</subfield>
  </datafield>
  <datafield tag="606" ind1="1" ind2=" ">
    <subfield code="a">&#x428;&#x43E;&#x442;&#x43B;&#x430;&#x43D;&#x434;&#x441;&#x43A;&#x438;&#x435; &#x432;&#x438;&#x441;&#x43B;&#x43E;&#x443;&#x445;&#x438;&#x435; &#x43A;&#x43E;&#x448;&#x43A;&#x438;</subfield>
    <subfield code="9">2248500</subfield>
    <subfield code="3">RU\NLR\auth\661348845</subfield>
  </datafield>
  <datafield tag="686" ind1=" " ind2=" ">
    <subfield code="a">&#x41F;674.39&#x448;&#x43E;&#x442;&#x43B;&#x430;&#x43D;&#x434;&#x441;&#x43A;&#x438;&#x435; &#x432;&#x438;&#x441;&#x43B;&#x43E;&#x443;&#x445;&#x438;&#x435;</subfield>
  </datafield>
  <datafield tag="700" ind1=" " ind2="1">
    <subfield code="4">070</subfield>
    <subfield code="8">rus</subfield>
    <subfield code="7">ca</subfield>
    <subfield code="a">&#x428;&#x435;&#x432;&#x447;&#x435;&#x43D;&#x43A;&#x43E;</subfield>
    <subfield code="b">&#x415;. &#x410;.</subfield>
    <subfield code="c">&#x444;&#x435;&#x43B;&#x438;&#x43D;&#x43E;&#x43B;&#x43E;&#x433;</subfield>
    <subfield code="g">&#x415;&#x43B;&#x435;&#x43D;&#x430; &#x410;&#x43B;&#x435;&#x43A;&#x441;&#x435;&#x435;&#x432;&#x43D;&#x430;</subfield>
    <subfield code="3">RU\NLR\auth\77119907</subfield>
    <subfield code="9">102832</subfield>
  </datafield>
  <datafield tag="801" ind1=" " ind2="0">
    <subfield code="a">RU</subfield>
    <subfield code="b">NLR</subfield>
    <subfield code="c">20120130</subfield>
    <subfield code="g">RCR</subfield>
  </datafield>
  <datafield tag="801" ind1=" " ind2="1">
    <subfield code="a">RU</subfield>
    <subfield code="b">NLR</subfield>
    <subfield code="c">20120130</subfield>
  </datafield>
  <datafield tag="942" ind1=" " ind2=" ">
    <subfield code="c">BOOK</subfield>
  </datafield>
  <datafield tag="980" ind1=" " ind2=" ">
    <subfield code="a">NB</subfield>
  </datafield>
  <datafield tag="980" ind1=" " ind2=" ">
    <subfield code="a">NBR</subfield>
  </datafield>
  <datafield tag="995" ind1=" " ind2=" ">
    <subfield code="5">2012-01-30</subfield>
    <subfield code="a">ad</subfield>
    <subfield code="b">NLR01</subfield>
    <subfield code="c">NLR01</subfield>
    <subfield code="e">RF8</subfield>
    <subfield code="f">3582732</subfield>
    <subfield code="k">2012-3/2791</subfield>
    <subfield code="o">0</subfield>
    <subfield code="r">BOOK</subfield>
    <subfield code="s">201232791_</subfield>
  </datafield>
  <datafield tag="995" ind1=" " ind2=" ">
    <subfield code="5">2012-01-30</subfield>
    <subfield code="a">ad</subfield>
    <subfield code="b">NLR01</subfield>
    <subfield code="c">NLR01</subfield>
    <subfield code="e">RF8</subfield>
    <subfield code="f">3582733</subfield>
    <subfield code="k">2012-3/2791</subfield>
    <subfield code="o">0</subfield>
    <subfield code="r">BOOK</subfield>
    <subfield code="s">201232791_</subfield>
  </datafield>
</record>
